Podnik - to sú ľudia

Salvato in:
Dettagli Bibliografici
Autore principale: Parkinson, C. Northcote
Altri autori: Rustomji, M.K, Čikor, Vladimír
Natura: Libro
Lingua:slovacco
Pubblicazione: Bratislava Amos 1992
Edizione:1. vyd.
Soggetti:
Tags: Aggiungi Tag
Nessun Tag, puoi essere il primo ad aggiungerne!!

MARC

LEADER 00000nam a2200000 4500
001 c001893
005 20221214090309.4
020 |a 80-85290-11-1 
041 0 |a slo 
044 |a SK 
245 1 0 |a Podnik - to sú ľudia  |c C. Northcote Parkinson, M.K. Rustomji ; Prekl. Vladimír Čikor 
250 |a 1. vyd. 
264 1 |a Bratislava  |b Amos  |c 1992 
300 |a 125 s. 
610 2 0 |a podnik 
610 2 0 |a manažment 
610 2 0 |a psychológia práce 
610 2 0 |a vedenie 
610 2 0 |a organizácia práce 
610 2 0 |a vzťahy medziľudské 
610 2 0 |a pracovníci vedúci 
100 1 |a Parkinson, C. Northcote 
700 1 |a Rustomji, M.K. 
700 1 |a Čikor, Vladimír